| 000 | 00665nam a22001577a 4500 | ||
|---|---|---|---|
| 003 | OSt | ||
| 005 | 20150919143747.0 | ||
| 008 | 150919b xxu||||| |||| 00| 0 eng d | ||
| 040 | _cRUA | ||
| 082 | _aAGR PHA 2004 B030 Or.1 | ||
| 100 |
_9872 _aPHAN, DARARITH. |
||
| 245 | _acorn comparison with different spaces in royal university of agriculture ( ការប្រៀបធៀបដំណាំពោត ដែលមានចន្លោះគុម្ពផ្សេងៗគ្នា នៅសាកលវិទ្យាល័យភូមិន្ទកសិកម្ម) | ||
| 260 |
_aPhnom Penh _bRUA _c2004 |
||
| 300 |
_a46p. _bill. _c29cm. |
||
| 942 |
_2ddc _cAGR |
||
| 999 |
_c839 _d839 |
||